000
00263nam a22000977a 4500
008
160507b xxu||||| |||| 00| 0 eng d
041
_a
eng
080
_a
615
245
_a
The pharmacological basis of therapeutics:
_c
Louis S. Goodman; Alfred Gilman;
942
_2
udc
_c
BK
999
_c
1896
_d
1896